000 01187cam a2200337 i 4500
001 17622
003 KOSZ 005
005 20240405063026.0
008 020718s1977 pl a |000 0 pol
015 _aPB 1978/3531
040 _aWA N
_cWA N
_dKOSZ 005/HR
080 _a72.071(44)
080 _a929-052(44)"19"
100 1 _aNagy, Elemér
_d(1928- ).
_eAutor
245 1 3 _aLe Corbusier /
_ctekst Elémer Nagy ; [tł. Mieczysław Dobrowolny].
260 _aWarszawa :
_b"Arkady",
_c1977.
300 _a31, [1] s., [22] k. il. :
_bil. ;
_c23 cm.
380 _aKsiążki
388 _a1901-2000
490 1 _aArchitektura i Architekci Świata Współczesnego.
600 1 4 _aLe Corbusier
_d(1887-1965)
648 4 _a1901-2000
650 4 _aArchitekci francuscy
655 4 _aBiografia
658 _aArchitektura i budownictwo
700 1 _aDobrowolny, Mieczysław
_eTłumaczenie
710 2 _aWydawnictwo Arkady
_4pbl.
830 0 _aArchitektura i Architekci Świata Współczesnego
856 _uhttp://koha.tu.koszalin.pl/cgi-bin/koha/opac-detail.pl?biblionumber=17622
_yKatalog online BPK
942 _2UKD
_cKS
999 _c17622
_d17622